000 00571cam a22002171 4500
001 sa 68003665
003 DLC
005 20260227112455.0
008 710903s1967 ii b 000 0 eng
010 _asa 68003665
025 _aPL480:I-E-8752
040 _aDLC
_cDLC
_dDLC
043 _aa-ii---
050 0 0 _aML338
_b.S56
245 0 0 _aSikh sacred music.
260 _aNew Delhi,
_bSikh Sacred Music Society
_c[1967]
300 _a90 p.
_c20 cm.
350 _aRs4
_a$1.20
504 _aBibliography: p. 89-90.
650 0 _aHindustani music
_xHistory and criticism.
999 _c79662
_d79662